000
00258nam a2200097Ia 4500
001
1300829
005
20260420095911.0
008
260420s9999 xx 000 0 und d
245
0
_a
BEN VE SEN
_c
GİUSİ QUARENGHİ
260
_b
GÜNIŞIĞI KİTAPLIĞI YAYINLARI
999
_c
1300829
_d
1300829